| 000 | 01302nam a2200373 i 4500 | ||
|---|---|---|---|
| 999 |
_c65769 _d65769 |
||
| 001 | 768714001 | ||
| 003 | CO-MdFUSB | ||
| 005 | 20200422115916.0 | ||
| 007 | ta | ||
| 008 | 000725t2014 enkb b 001 0 eng d | ||
| 010 | _a00269735 | ||
| 020 | _a0140252614 | ||
| 040 |
_aUKM _cCO-MdFUSB _dUKM _dCO-MdFUSB _dTWU _bspa _erda |
||
| 041 | _aeng | ||
| 042 | _alccopycat | ||
| 082 |
_223 _a220.61 _bR731 |
||
| 100 | 1 |
_aRogerson, J. W. _d1935- _eautor |
|
| 245 | 1 | 3 |
_aAn introduction to the Bible / _cJ.W. Rogerson. |
| 264 | 1 |
_aLondon : _bTaylor and Francis, _c[2014] |
|
| 264 | 4 | _c© 2014 | |
| 300 |
_axi, 232 páginas. : _bmapas ; _c20 cm. |
||
| 336 |
_2rdacontent _atexto _btxt |
||
| 337 |
_2rdamedia _asin mediación _bn |
||
| 338 |
_2rdacarrier _avolumen _bnc |
||
| 504 | _aIncluye referencias bibliográficas páginas (198-203) | ||
| 505 | _a¿Qué es la Biblia? - Cómo escribieron los escritores bíblicos. -- La creación del Antiguo Testamento. -- La creación de los apócrifos. -- La creación del Nuevo Testamento. -- El canon de la Biblia. --El estudio de la Biblia. -- El uso de la Biblia. | ||
| 563 | _aRústico | ||
| 630 | 0 | 0 |
_aBiblia _vIntroducciones |
| 942 | _cBK | ||
| 945 | _aJTF-925 | ||